| 000 | 00331nam a22001337a 4500 | ||
|---|---|---|---|
| 082 |
_a823 _bSTE/D |
||
| 100 | _aSTEVENSON, ROBERT LOUIS | ||
| 245 | _aDR.JEKYLL AND MR.HYDE | ||
| 246 |
_aDR.JEKYLL AND MR.HYDE _bDR.JEKYLL AND MR.HYDE |
||
| 260 |
_aNEW DELHI _bBOOK FORD _c2023 |
||
| 300 | _a99 | ||
| 650 | _aENGLISH STORY | ||
| 942 | _cBK | ||
| 999 |
_c8712 _d8712 |
||